00637 a2200217 4500003000400000005001700004008004100021010001400062020002300076035001300099037001600112040001300128082001200141100001700153245003800170260004600208260003300254270005600287300002600343500005000369dpl20090304104351.0090304t xxu||||| |||| 00| 0 eng d aENG-88670 c495.00a8189005138 aEN-72203 bDBAD / VEN aDPLcDPL a303.625 aBhatt, Ashok aGlobal terrorism/cby Ashok Bhatt aNew DelhibSaurabh Publishing Housec2007 aNew DelhibLotus Pressc2007 a4263/3, Ansari Road, Daryaganj,bNew Delhie110 002 av, 312p. :c22cm (Hb) aIncludes bibliographical references and index